000 00618nam a2200181Ia 4500
008 090630s9999 xx 000 0 und d
082 _b14156
100 _aपोखरकर प्रशांत.
245 _aविषारी नागीण.
_cपोखरकर प्रशांत.
260 _bपुष्प.
300 _a184
600 _aपोखरकर प्रशांत.
630 _aविषारी नागीण.
655 _aकादंबरी.
700 _aपोखरकर प्रशांत.
730 _aविषारी नागीण.
942 _cBOOK
999 _c266012
_d266012